| 000 -LEADER |
| fixed length control field |
00584nam a22001817a 4500 |
| 008 - FIXED-LENGTH DATA ELEMENTS--GENERAL INFORMATION |
| fixed length control field |
210408b ||||| |||| 00| 0 eng d |
| 040 ## - CATALOGING SOURCE |
| Original cataloging agency |
BMS College of Architecture |
| 100 ## - MAIN ENTRY--PERSONAL NAME |
| Personal name |
Aliar, K Ashfaq |
| 245 ## - TITLE STATEMENT |
| Title |
Traditional Settlements regeneration |
| 300 ## - PHYSICAL DESCRIPTION |
| Extent |
NA |
| 500 ## - GENERAL NOTE |
| General note |
1BM15AHD01 |
| 502 ## - DISSERTATION NOTE |
| Degree type |
M,Arch (Habitat Design) |
| Name of granting institution |
BMS College of Architecture, Visvesvaraya Technological University |
| Dissertation note |
Dissertation |
| Year degree granted |
2017 |
| 650 ## - SUBJECT ADDED ENTRY--TOPICAL TERM |
| Topical term or geographic name as entry element |
Traditional |
| 700 ## - ADDED ENTRY--PERSONAL NAME |
| Personal name |
Mamatha P Raj |
| Relator term |
Guide |
| 700 ## - ADDED ENTRY--PERSONAL NAME |
| Personal name |
Sadashiv Chakravarthy |
| Relator term |
Guide |
| 700 ## - ADDED ENTRY--PERSONAL NAME |
| Personal name |
Rachana Suraj |
| Relator term |
Guide |
| 942 ## - ADDED ENTRY ELEMENTS (KOHA) |
| Source of classification or shelving scheme |
|
| Koha item type |
PG-Thesis and Dissertations |